LEADER 01450nam a2200301 a 4500 001 000000139475 003 CaOOAMICUS 005 20140725113300.0 008 140725s2013 sm aef u000 u ita r 020 $a978-88-6257-173-9 040 $aPUL$bita 082 04$a726 100 1 $aApollonj Ghetti, Bruno M.$q(Bruno Maria).$0(OLS)http://pul/name/1912 245 13$aLa basilica del Salvatore poi di s. Giovanni al Laterano cattedrale di Roma /$cBruno M. Apollonj Ghetti ; edizione a cura di Eugenio Russo. 260 $aRepubblica di San Marino :$bAsset Banca,$c2013. 300 $aXXXIV, 210 p., [128] c. di tav. :$bill., piante ;$c31 cm 500 $aInclude riferimenti bibliografici ed indici. 610 24$aSan Giovanni in Laterano (chiesa : Roma).$0(OLS)http://pul/subject/613 651 4$aRoma$xChiese.$0(OLS)http://pul/subject/25282 700 1 $aRusso, Eugenio.$0(OLS)http://pul/name/89923 850 $aPUL 852 $aPUL$W1$xSL Cons. Gen., Altre Classi 3$y75$m726 APOBR 1$j161112$qDDC 21$B160557$CPULBib$Z2$F160557 $H124520 $82 941 1 $a9 996 $6020$a978-88-6257-173-9$9(OLS)http://pul/number/155874 996 $6082$a726$9(OLS)http://pul/classification/2345 996 $6245$aLa basilica del Salvatore poi di s. Giovanni al Laterano cattedrale di Roma$9(OLS)http://pul/title/176570 996 $6260$aRepubblica di San Marino :$bAsset Banca$9(OLS)http://pul/publisher/82813 LEADER 01310nam a2200277 a 4500 001 000000162526 003 CaOOAMICUS 005 20170908165024.0 006 a 000 u 008 170908s1992 it m 001 u por r 032 $aLibriCat 040 $aPUL$bita 100 1 $aCipolini, Pedro Carlos.$0(OLS)http://pul/name/104274 245 10$aSacramento de salvação integral : $ba teología da Igreja dos pobres na América Latina (1980-1990) / $cPedro Carlos Cipolini . 260 $aRoma :$b[s.n.],$c1992. 300 $a129 p. ; $c25 cm. 502 $aEstratto di Tesi -- Pontificia Università Gregoriana. Facoltà di Teologia. 1992. 504 $aBibliografia in nota a piè pagina. 650 04$aTeologia$zAmerica latina.$0(OLS)http://pul/subject/22864 710 2 $aPontificia Università Gregoriana.$bFacoltà di teologia.$kTesi.$0(OLS)http://pul/name/81592 850 $aPUL 852 $aPUL$W1$xDP1 Tesi Pon. Univ. Gregoriana$y40$mTH PUG 3826$j186503$qTesi$B189739$CPULBib$Z2$F189739 $H72662 $82 941 1 $a16 996 $6245$aSacramento de salvação integral : $ba teología da Igreja dos pobres na América Latina (1980-1990) / $9(OLS)http://pul/title/202278 996 $6260$aRoma :$b[s.n.]$9(OLS)http://pul/publisher/47958